header

Allocating federal funds for science and technology (Record no. 159249)

MARC details
000 -LEADER
fixed length control field 01459nam a2200325 a 4500
082 04 - DEWEY DECIMAL CLASSIFICATION NUMBER
Classification number 353.0085/5
245 10 - TITLE STATEMENT
Title Allocating federal funds for science and technology
260 ## - PUBLICATION, DISTRIBUTION, ETC. (IMPRINT)
Place of publication Washington, D.C. :
Name of publisher National Academy Press,
Year of publication 1995.
300 ## - PHYSICAL DESCRIPTION
Number of Pages ix, 97 p. :
Other physical details ill.
650 #0 - SUBJECT ADDED ENTRY--TOPICAL TERM
Topical Term Federal aid to research.
Topical Term Science.
Topical Term Technology.
Topical Term Endowment of research.
856 40 - ELECTRONIC LOCATION AND ACCESS
Uniform Resource Identifier http://site.ebrary.com/lib/rucke/Doc?id=10041186

No items available.

© 2026 Rongo University
Contact us: librarian | system librarian | Rongo university